| 000 | 00565nam a2200193Ia 4500 | ||
|---|---|---|---|
| 003 | OSt | ||
| 005 | 20240401111705.0 | ||
| 008 | 210210b1960 xxu||||| |||| 00| 0 eng d | ||
| 040 | _cAL | ||
| 041 | _akan | ||
| 082 | _a859/1906 | ||
| 100 |
_aSHARASHCHANDRA CHATARJI _9156701 _dಶರಶ್ಚಂದ್ರ ಚಟರ್ಜಿ. |
||
| 245 |
_aDevadasa _bದೇವದಾಸ |
||
| 260 |
_aMaisuru _bSharada Mandira _c1960 |
||
| 690 |
_aKannada Fiction _9156702 |
||
| 700 |
_aVirabhadra K: _dವೀರಭದ್ರ ಕೆ _9157467 |
||
| 906 | _a022623 | ||
| 942 |
_2ddc _cBK |
||
| 999 |
_c147191 _d147191 |
||